00582nam a2200205Ia 4500001000700000003000500007008004100012010001100053040000900064082001600073100001700089245011800106260002900224300001000253440000500263500000500268503000500273650008400278650001400362Z_1175CHAP220113s1988 xx 000 0 und d a164260 cCHAP a636.0896 B4 aBell, John C aThe zoonoses: infections transmitted from animals to men /cby John C. Bell, Stephen R. Palmer and Jack M. Payne aLondon :bArnold,c1988 a241 p a a a aAnimales como vectores de enfermedades I. Palmer, Sthepen R. II. Payne, Jack M. aZoonosis